00325 a2200097 450000500170000002000220001708200160003910000170005524501200007230000350019220250317163839.0 a978-1-118-99539-6 a658.872 WEI aWEINMAN, J.  aDigital Disciplines: Attaining Market Leadership Via the Cloud, Big Data, Social, Mobile and the Internet of Things axxi, 375p. ill.bIndexc23cm.